| 000 | 00640nam a22001937a 4500 | ||
|---|---|---|---|
| 005 | 20130618124356.0 | ||
| 010 | _aENG-107482 | ||
| 020 |
_a9780415812443 _c995.00 |
||
| 035 | _aEN-91015 | ||
| 037 | _bDBAD/PUB | ||
| 082 | _a320.954 | ||
| 100 | _aSaima Saeed | ||
| 245 |
_aScreening the public sphere : _cby Saima Saeed _bmedia and democracy in India / |
||
| 260 |
_aNew Delhi _bRoutledge _c2013 |
||
| 270 |
_a912Tolstoy House, 15-17 Tolstoy Marg, Connaught Place _bNew Delhi _e110001 |
||
| 300 |
_axx,428p.: _c22cm(Hb) _bill. |
||
| 500 | _aIncludes bibliographical references and index | ||
| 942 |
_2ddc _cEN _mSAI _h320.954 |
||
| 999 |
_c76370 _d76370 |
||